Central Library OPAC University of Rajshahi

বাংলাদেশে দর্শনচর্চার গতিপ্রকৃতি ও সমকালীন চিন্তন বিশ্লেষণ / (Record no. 81758)

MARC details
000 -LEADER
fixed length control field 01478nam a2200253 a 4500
001 - CONTROL NUMBER
RUCL Control Number 81758
003 - CONTROL NUMBER IDENTIFIER
rucl marc code BD-RjUL
005 - DATE AND TIME OF LATEST TRANSACTION
control field 20230831110228.0
008 - FIXED-LENGTH DATA ELEMENTS--GENERAL INFORMATION
fixed length control field 230824s2002 bg ||||| m||| 00| 0 ben d
035 ## - SYSTEM CONTROL NUMBER
system control number (BD-RjUL)81758
040 ## - CATALOGING SOURCE
Original cataloging agency BD-RjUL
Language of cataloging ben / eng
Transcribing agency BD-RjUL
Modifying agency BD-RjUL
041 ## - LANGUAGE CODE
Language code of Book ben
082 ## - DEWEY DECIMAL CLASSIFICATION NUMBER
DDC Edition number 23
Classification number 181.15
Author mark and Year ISB 2002
100 ## - MAIN ENTRY--PERSONAL NAME
Personal name ইসলাম, মো. রফিকুল
9 (RLIN) 8516
245 10 - TITLE STATEMENT
Title বাংলাদেশে দর্শনচর্চার গতিপ্রকৃতি ও সমকালীন চিন্তন বিশ্লেষণ /
Statement of responsibility, etc মো. রফিকুল ইসলাম ;
Name of Supervisor/Co-Supervisor গবেষণা নির্দেশক : এম. আব্দুল হাই তালুকদার
260 ## - PUBLICATION, DISTRIBUTION, ETC. (IMPRINT)
Place of publication, distribution, etc রাজশাহী :
Name of publisher, distributor, etc দর্শন বিভাগ, রাজশাহী বিশ্ববিদ্যালয়,
Date of publication, distribution, etc ২০০২
300 ## - PHYSICAL DESCRIPTION
Pagination viii, ৩৬২ পাতা ;
Dimensions ২৯ সেমি.
502 ## - DISSERTATION NOTE
Dissertation note থিসিস (পিএইচ. ডি.) -- দর্শন বিভাগ, রাজশাহী বিশ্ববিদ্যালয়, ২০০২
504 ## - BIBLIOGRAPHY, ETC. NOTE
Bibliography, etc প্রমানপঞ্জি : পাতা ৩৩৭-৩৫৭
650 ## - SUBJECT ADDED ENTRY--TOPICAL TERM
Topical term or geographic name as entry element দর্শনচর্চা
Form subdivision সমকালীন
9 (RLIN) 8518
Topical term or geographic name as entry element philosophy
Form subdivision Contemporary
9 (RLIN) 8519
700 ## - ADDED ENTRY--SUPERVISOR/CO-SUPERVISOR NAME
Personal name তালুকদার, এম. আব্দুল হাই, গবেষণা নির্দেশক
9 (RLIN) 8517
942 ## - ADDED ENTRY ELEMENTS (KOHA)
Source of classification or shelving scheme Dewey Decimal Classification
Koha item type Theses
Holdings
Source of classification or shelving scheme Damaged status Not for loan Collection code Permanent Location Current Location Shelving location Date of accession Source of acquisition Total Checkouts Full call number Barcode Date last seen Copy number Thesis
Dewey Decimal Classification   Not For Loan Theses Central Library, University of Rajshahi Central Library, University of Rajshahi Documentation Section 22/06/2003 Controller of Exam. R. U.   BTHE 181.15 ISB 2002 D2204 24/08/2023 C-1 Theses